000 01360nam a2200349Ia 4500
001 ebr10660439
003 CaPaEBR
006 m u
007 cr cn|||||||||
008 090211s2009 nyua sb 001 0 eng d
010 _z 2009006346
020 _z1607413094 (hardcover)
020 _z9781607413097 (hardcover)
020 _z9781608764037
040 _aCaPaEBR
_cCaPaEBR
035 _a(OCoLC)610059498
050 1 4 _aRC952.5
_b.C43 2009eb
082 0 4 _a618.97
_222
245 0 0 _aChallenges in acute geriatric care
_h[electronic resource] /
_cJochanan E. Naschitz, editor.
260 _aHauppauge, NY :
_bNova Science Publishers,
_cc2009.
300 _a189 p. :
_bill.
490 1 _aGeriatrics, gerontology and elderly issues series
504 _aIncludes bibliographical references and index.
533 _aElectronic reproduction.
_bPalo Alto, Calif. :
_cebrary,
_d2013.
_nAvailable via World Wide Web.
_nAccess may be limited to ebrary affiliated libraries.
650 0 _aGeriatrics.
650 0 _aGeriatrics
_vCase studies.
655 7 _aElectronic books.
_2local
700 1 _aNaschitz, Jochanan E.
710 2 _aebrary, Inc.
830 0 _aGeriatrics, gerontology and elderly issues series.
856 4 0 _uhttp://site.ebrary.com/lib/rucke/Doc?id=10660439
_zAn electronic book accessible through the World Wide Web; click to view
999 _c67777
_d67777